Quizzes
Events
Quiz Creation
Community
Videos
Private Events
Remove Ads
Sign In
Join for FREE
Feedback
Dark Mode
Quiz Categories
Sports
Geography
Music
Movies
Television
Just For Fun
Miscellaneous
History
Literature
Language
Science
Gaming
Entertainment
Religion
Holiday
For Kids
Quiz Lab
Recent
Popular Today
Quiz Kudos Today
Editor Picks
Curator Picks
Quizzes by...
Day
Popularity
Type
Ratings
Length
Year
Community
Subscriptions
Recent Discussions
Orange Saloon
Badges
Playlists
Quests
Create
Leaderboards
Showdown
Live 5
Trivia Bingo
Activity
Puzzle Library
Sporcle Events
Private Events
Virtual Trivia
Globe League
Become a Host
Pub Owners
SporcleCon
Opinionation
Our Games
Videos
Blog
Mobile Apps
Partnerships
Remove Ads and Go Orange
Feedback
History
US Presidents
World Leaders
Politics
Nation
Discovery
War
Decade
Year
Century
Biography
Art
History
US Presidents
World Leaders
Politics
Nation
Discovery
War
Decade
Year
Century
Biography
Art
Random Quiz
Search Sporcle
×
Quiz Lab
Quiz Lab
History
German
Type in answers that appear in a list
Type in answers that appear in a list
Classic
Best Score? Go Orange.
Most populous German cities about 1700 Stats
Can you name the most populous German cities about 1700?
By
tiggi
10m
20 Questions
597 Plays
597 Plays
597 Plays
Comments
Comments
Give Quiz Kudos
Give Quiz Kudos
-
- Ratings
hide this ad
More Info
Replay
Link that replays current quiz
Next Quiz
Link to next quiz in quiz playlist
You Got
0%
They Got
Avg Score
55%
Avg Friend Score
Upgrade to see
Score Distribution
Jump to the score distribution portion of the page
Score
0/20
Timer
10:00
0
Plays Today
City
% Correct
Berlin
99%
Munich
94.1%
Hamburg
93.8%
Cologne
85.4%
Frankfurt
84.1%
Dresden
76.5%
Vienna
69.6%
Bremen
68%
Prague
60.4%
Nuremberg
59.6%
City
% Correct
Wrocław
45.6%
Lubeck
43.6%
Augsburg
42.8%
Mainz
41.9%
Brussels
34.6%
Regensburg
28.9%
Antwerp
27.3%
Liège
21.8%
Ghent
21.3%
Bruges
18.6%
Quiz Playlist
Details
Report
Send in Message
Add To Playlist
More Info:
NB: Former Holy Roman Empire of the German Nation contained also areas of today's Belgium, Poland, Austria, Czech Republic etc.!
Classic:
Type in answers that appear in a list
Quiz Source
Last Updated: Feb 19, 2017
Quiz Scoreboard
CHALLENGE
Sign Up to Join the Scoreboard
Show All
Scores
Hide
Comments
May contain spoilers
Recently Published
9x9 Crossword: Cartoon Network
by jackfrog10
Miscellaneous
3m
College Basketball Coaching Resumes
by pancakes188
Sports
9m
Billboard Blitz: Fleetwood Mac
by CooCooCachoo
Music
15s
More to Explore
Quiz From the Vault
Featured Blog Post
Where Did the Easter Bunny Come From?
hide this ad
You Might Also Like...
Tags
City Quiz
German Quiz
Population Quiz
1700
Estimated
Today's Top Quizzes in History
Browse History
hide this ad
Today's Top Quizzes in German
Browse German
Top Contributed Quizzes in History
1
Popular People in 1991
2
Popular People in 1981
3
Popular People in 1951
4
Popular People in 1941
5
Popular People in 1986
6
Popular People in 1976
7
Popular People in 1921
8
5-to-1: 20th Century Images of War
9
I Am Born On March 28th
10
Popular People in 1946
Explore More
Trending Topics
Crossword
Anime
Disney
NBA
Marvel
Harry Potter
Kpop
The Office
Soccer
Puzzle
WWE
Song
NFL
Pokémon
Country
hide this ad
More By:
tiggi
Quiz
Plays
Rating
Category
Featured
Created
Top 200 German surnames
6,368
4.50
Miscellaneous
Mar 29, 2010
All-time table of 2nd German Bundesliga
1,055
4.50
Sports
Apr 1, 2010
most populous German cities about 1700
597
4.29
History
Feb 6, 2010
Most populous cities in Bavaria
274
4.33
Geography
Jan 31, 2010
states of the German Empire (1871-1918)
238
5.00
Geography
Feb 6, 2010
Go to Creator's Profile
Score Distribution
Quiz Creator Spotlight
tiggi
Follow
Send a Message
Quizzes Created
-
Created Quiz Play Count
-
More By This Creator
Popular Quizzes Today
1
Find the US States - No Outlines Minefield
2
Find the Countries of Europe - No Outlines Minefield
3
The Countries of the World
4
Find the US States
5
Risky Map Clicking: Biggest States A-Z
6
US States
7
Popular People in 1961
8
Movies - When Are They Set?
More History Quizzes
Country by Propaganda Poster
Editor's Pick
Trending Quizzes
Risky Map Clicking: Least Populous States A-Z
1-10 Letter G Words
1-10 Letter F Words
Risky Map Clicking: Next State Alphabetically
Adjectives in 80s TV Shows
Recently Updated
Leaping Animals
pecheneg
Reality TV Shows (A-Z)
bhenderson79
Rickey Henderson's Hall of Fame Teammates
pecheneg
Champions League XIs: Arsenal
pecheneg
Quick Pick: Celebrities in WWE's Hall of Fame
aduchscher
A-Z Keypad Blitz II
pecheneg
Multiple Oscar Actors
pecheneg
Mystery Phrase Blitz: Oscar 'Best Actors'
pecheneg
F. Scott Fitzgerald Novels
LTH
Pick 3 Villains
ddd62291
Trending Topics
Crossword
Kpop
NBA
Disney
Harry Potter
Marvel
Anime
Song
Pokémon
Soccer
WWE
Country
Puzzle
NFL
The Office
Your Account Isn't Verified!
In order to create a playlist on Sporcle, you need to verify the email address you used during registration. Go to your
Sporcle Settings
to finish the process.
Report this User
Report this user for behavior that violates our
Community Guidelines
.
Details:
Send Report
Go to the Sporcle.com Mobile Site →
Comments